| 000 -ლიდერი |
| ფიქსირებული სიგრძის საკონტროლო ველი |
01572nam a22002657a 4500 |
| 003 - საკონტროლო ნომრის იდენტიფიკატორი |
| საკონტროლო ველი |
Ge_BSU |
| 005 - ბოლო ოპერაციის თარიღი და დრო |
| საკონტროლო ველი |
20240708105321.0 |
| 008 - ფიქსირებული სიგრძის მონაცემთა ელემენტები - ზოგადი ინფორმაცია |
| ფიქსირებული სიგრძის საკონტროლო ველი |
240708s2018 ge ||||| |||| 00| 0 geo d |
| 020 ## - წიგნის საერთაშორისო სტანდარტული ნომერი |
| International Standard Book Number |
9789941275616 |
| 041 ## - ენის კოდი |
| Language code of text/sound track or separate title |
geo |
| 080 ## - უნივერსალური ათობითი კლასიფიკაციის ინდექსი |
| Universal Decimal Classification number |
657.15:658.14/17 ჭ-46 |
| 100 ## - მთავარი ჩანაწერი - პიროვნების სახელი |
| Personal name |
ჭილაძე, იზოლდა. |
| 9 (RLIN) |
13244 |
| 245 ## - ცნობა სათაურის შესახებ |
| Title |
ფინანსური ანალიზი = Financial analysis : |
| Remainder of title |
(ფინანსური ანგარიშების ანალიზი) : სახელმძღვანელო / |
| Statement of responsibility, etc |
იზოლდა ჭილაძე ; რედ. ნანა სრესელი. |
| 250 ## - გამოცემის ცნობა |
| Edition statement |
მე-3 გადამუშავებული გამოცემა. |
| 264 ## - წარმოების, გამოცემის, დისტრიბუციის და სხვა ცნობები |
| გამოცემის, წარმოების, დისტრიბუციის... ადგილი |
თბილისი, |
| გამოცემის, წარმოების, დისტრიბუციის... თარიღი |
2018. |
| 300 ## - ფიზიკური აღწერა |
| Extent |
394 გვ. : |
| Other physical details |
ცხრ. ; |
| Dimensions |
29 სმ. |
| 500 ## - ზოგადი შენიშვნა |
| General note |
ეძღვნება პროფესორ ფარნაოზ მენთეშაშვილის დაბადებიდან 100 წლის იუბილეს. |
| 504 ## - BIBLIOGRAPHY, ETC. NOTE |
| Bibliography, etc |
ბიბლიოგრ.: გვ. 393. |
| 653 ## - INDEX TERM--UNCONTROLLED |
| Uncontrolled term |
საწარმოს ფინანსური ანალიზი. |
| 653 ## - INDEX TERM--UNCONTROLLED |
| Uncontrolled term |
ბუღალტერია |
| 653 ## - INDEX TERM--UNCONTROLLED |
| Uncontrolled term |
Financial analysis : (Analysis of financial statements) : Textbook |
| 700 ## - ADDED ENTRY--PERSONAL NAME |
| Personal name |
სრესელი, ნანა |
| Relator term |
რედაქტორი |
| 9 (RLIN) |
22746 |
| 856 ## - ELECTRONIC LOCATION AND ACCESS |
| Uniform Resource Identifier |
https://dspace.nplg.gov.ge/bitstream/1234/300915/1/Finansuri_Analizi.pdf |
| Link text |
ელექტრონული ვერსია |
| 942 ## - ADDED ENTRY ELEMENTS (KOHA) |
| Source of classification or shelving scheme |
|
| Koha item type |
წიგნი |